| 000 -LEADER | |
|---|---|
| fixed length control field | 00278nam a22001097a 4500 |
| 020 ## - INTERNATIONAL STANDARD BOOK NUMBER | |
| ISBN | 013855479x |
| 050 ## - LIBRARY OF CONGRESS CALL NUMBER | |
| Classification number | HD31 |
| 100 ## - MAIN ENTRY--AUTHOR NAME | |
| Personal name | Mintzberg, Henry |
| 245 ## - TITLE STATEMENT | |
| Title | Structures in five designing effective organizations |
| 260 ## - PUBLICATION, DISTRIBUTION, ETC. (IMPRINT) | |
| Place of publication | Eaglewood Cliffs. NJ |
| Name of publisher | Prentice Hall |
| Year of publication | 1993 |
| 942 ## - ADDED ENTRY ELEMENTS (KOHA) | |
| Koha item type | Books |
| Koha item type | Collection code | Shelving location | Accession Number | Permanent Location | Current Location | Date acquired | Full call number |
|---|---|---|---|---|---|---|---|
| Books | Lending | Lending | 1034 | Chapman Library | Chapman Library | 2016-04-12 | HD31min |

